LEADER 03499nam 22003733 450 001 9910879300003321 005 20251108060308.0 010 $a3-7489-3941-8 035 $a(CKB)5600000000856672 035 $a(MiAaPQ)EBC32109734 035 $a(Au-PeEL)EBL32109734 035 $a(EXLCZ)995600000000856672 100 $a20251108d2024 uy 0 101 0 $aeng 135 $aurcnu|||||||| 181 $ctxt$2rdacontent 182 $cc$2rdamedia 183 $acr$2rdacarrier 200 10$aMigration Impact Assessment $eA Toolbox for Participatory Practices 205 $a1st ed. 210 1$aBaden-Baden :$cNomos Verlagsgesellschaft,$d2024. 210 4$dİ2024. 215 $a1 online resource (109 pages) 311 08$a3-7560-0447-3 327 $aCover -- 1. Introduction -- How to use this book -- 2. Methodological presuppositions and challenges -- 2.1. Positionality of researchers -- 2.1.1. Access and trust -- 2.1.2. Language and cultural peculiarities -- 2.1.3. Interview settings -- 2.2. Becoming familiar with the locality -- 2.3. Ethical issues -- 3. Data collection techniques -- 3.1. Municipality profile -- 3.1.1. Facts and figures -- 3.1.2. Preparation -- 3.1.3. Implementation -- 3.2. Qualitative (in-depth and narrative) interview -- 3.2.1. Facts and Figures -- 3.2.2. Preparation -- 3.2.3. Implementation -- 3.3. Focus group -- 3.3.1. Facts and figures -- 3.3.2. Preparation -- 3.3.3. Implementation -- 3.4. Open Space Technology (OST) and participatory workshop -- 3.4.1. Facts and figures -- 3.4.2. Preparation -- 3.4.3. Implementation -- 3.5. Observation -- 3.5.1. Facts and figures -- 3.5.2. Preparation -- 3.5.3. Implementation -- 3.6. Mobility mapping -- 3.6.1. Facts and figures -- 3.6.2. Preparation -- 3.6.3. Implementation -- 3.7. Social mapping -- 3.7.1. Facts and figures -- 3.7.2. Preparation -- 3.7.3. Implementation -- 3.8. Participatory photo/video talk -- 3.8.1. Facts and figures -- 3.8.2. Preparation -- 3.8.3. Implementation -- 4. Data analysis -- 4.1. General approach -- 4.2. Data analysis methods -- 4.2.1 Thematic analysis -- 4.2.2 Sequence analysis -- 4.3. Participatory data analysis -- 5. Dissemination and stimulating transformation with research -- 6. One Pager -- 6.1. Municipality profile -- What they are used for -- Pros and cons to consider -- What to watch out for -- How it is done -- 6.2. Qualitative interview -- What they are used for -- Pros and cons to consider -- What to watch out for -- How it is done -- 6.3. Focus group -- What they are used for -- Pros and cons to consider -- What to watch out for -- How focus groups are done. 327 $a6.4. Open Space Technology (OST) -- What they are used for -- Pros and cons to consider -- What to watch out for -- How they are done -- 6.5. Observation -- What is it used for -- Pros and cons to consider -- What to watch out for -- How it is done -- 6.6. Mobility mapping -- What they are used for -- Pros and cons to consider -- What to watch out for -- How it is done -- 6.7. Social mapping -- What they are used for -- Pros and cons to consider -- What to watch out for -- How it is done -- 6.8. Participatory photo/video talk -- What they are used for -- Pros and cons to consider -- What to watch out for -- How they are done -- 7. Bibliography. 700 $aKordel$b Stefan$01851014 801 0$bMiAaPQ 801 1$bMiAaPQ 801 2$bMiAaPQ 906 $aBOOK 912 $a9910879300003321 996 $aMigration Impact Assessment$94453509 997 $aUNINA